Responses for show #2204 - Thursday, March 17, 1994

Amy Fine game 5.

Contestants

Laura Kolb, an electronic court reporter from Los Angeles, California

David Jacobs, an attorney originally from Chicago, Illinois

Amy Fine, a wife and mother from Potomac, Maryland (whose 4-day cash winnings total $59,203)

Jeopardy! Round responses

CANADA
THE GOLDEN GLOBE AWARDS
NUTRITION
DATES IN HISTORY
CLOTHES
STUFF AND NONSENSE
    $100 2
Quebec

Laura
    $100 21
Joan Collins

Amy
    $100 16
calcium

Laura
    $100 26
Nixon

David
    $100 7
a sweater

Laura
    $100 1
hokum

Laura
    $200 3
Alberta

Laura
    $200 22
Barbra Streisand

David
    $200 17
sodium

David
    $200 27
the Gold Rush

Laura
    $200 8
a vest

Amy
    $200 11
blarney

Laura
    $300 4
Toronto

Amy
    $300 23
(Laura: Who is... not Dian Fossey.)

Sigourney Weaver

Laura
Triple Stumper
    $300 18
vitamin A

Amy
    $300 28
Boss Tweed

Amy
    $300 9
overalls

Laura
    $300 13
baloney

David
    $400 5
Halifax

Amy
    $400 24
Dustin Hoffman

Amy
    $400 19
Vitamin C

David
    $400 29
(Robert) Peary

David
    $400 10
Carnaby St.

David
    $400 14
gobbledygook

Amy
    $500 6
the Yukon

Laura
    $500 25
Cher

Laura
    $500 20
eggs

Amy
    $500 30
(Amy: What is the Boston Tea Party?)

the Boston Massacre

Amy
Triple Stumper
    $1,500 12
(Laura: I have no idea.)
(Alex: ...And there was Cardigan in that Crimean War also; gave his name to a piece of clothing.)

Lord Raglin

Laura
    $500 15
applesauce

Triple Stumper

Scores at the first commercial break (after clue 14):

Amy David Laura
$1,300 $700 $0

Scores at the end of the Jeopardy! Round:

Amy David Laura
$2,400 $2,000 $500

Double Jeopardy! Round responses

WORLD WAR I
MAMMALS
LANGUAGES
ART
WOMEN IN MYTHOLOGY
PEN NAMES
    $200 6
the Lusitania

Amy
    $200 16
elephants

Amy
    $200 1
English

David
    $200 25
Currier

Amy
    $200 21
the Moon

Amy
    $200 7
(Edgar Rice) Burroughs

Amy
    $400 12
a Camel

David
    $400 17
(Laura: What's the gorilla?)

the chimpanzee

AmyLaura
    $400 2
Greek

Amy
    $400 27
mobiles

Laura
    $400 22
a bull

Amy
    $400 8
Joyce Carol Oates

Amy
    $600 13
the Treaty of Versailles

David
    $600 18
the armadillo

Laura
    $600 3
Botswana

Amy
    $600 28
Diego Rivera

David
    $600 23
Isis

Amy
    $600 9
Margaret Mitchell

Amy
    $800 14
Francis Ferdinand

David
    $800 19
(Laura: What is the humpback?)

the narwhal

Laura
Triple Stumper
    $800 4
Japanese

Triple Stumper
    $800 29
(Jackson) Pollock

Laura
    $800 24
(Alex: [After the next selection] With less than a minute to go.)

the Harpies

Laura
    $800 10
Saki

David
    $1000 15
Rickenbacker

David
    $1000 20
the Kodiak

David
    $1000 5
Swedish

David
    $1,000 30
(Laura: What is... Peaceful Kingdom!)
(Alex: Ohh...)
(Laura: [*]!)
(Alex: You don't get a second shot.)
(Laura: I know. I knew it as soon as I said it.)
(Alex: You were so close.)

The Peaceable Kingdom

Laura
    $1000 26
the Pleiades

Laura
    $1,200 11
(David: [Shakes head] No idea.)

John Steinbeck

David

Scores at the end of the Double Jeopardy! Round:

Amy David Laura
$6,800 $7,200 $1,900

[wagering suggestions for these scores]

Final Jeopardy! Round responses

TRAVEL & TOURISM
(Alex: In a place called Haymarket, just a couple of miles from Manassas, right at the Battle of Bull Run.)
LauraWhat is Virginia
$1,899
AmyWhat is Virginia?
$6,800
DavidWhat is Virginia?
$6,400
Virginia

Final scores:

Amy David Laura
$13,600 $13,600 $3,799
5-day co-champion: + Jeopardy! computerized version or home game New co-champion: + Jeopardy! computerized version or home game 2nd place: trip on Delta to Dublin, Ireland + stay at Conrad Dublin + Jeopardy! computerized version or home game

Game dynamics:

Coryat scores:

Amy David Laura
$6,800 $8,400 $4,400
21 R,
1 W
16 R,
1 W
(including 1 DD)
15 R,
5 W
(including 2 DDs)

Combined Coryat: $19,600

The J! Archive is created by fans, for fans. The Jeopardy! game show and all elements thereof, including but not limited to copyright and trademark thereto, are the property of Jeopardy Productions, Inc. and are protected under law. This website is not affiliated with, sponsored by, or operated by Jeopardy Productions, Inc. Join the discussion at JBoard.tv.